Biscuit and the lost teddy bear / (Record no. 4608)

MARC details
000 -LEADER
fixed length control field 01218cam a2200385 a 4500
001 - CONTROL NUMBER
control field 4608
003 - CONTROL NUMBER IDENTIFIER
control field FISKH
005 - DATE AND TIME OF LATEST TRANSACTION
control field 20241106154819.0
008 - FIXED-LENGTH DATA ELEMENTS--GENERAL INFORMATION
fixed length control field 090424s2011 nyua b 000 1 eng
010 ## - LIBRARY OF CONGRESS CONTROL NUMBER
LC control number 2009014929
020 ## - INTERNATIONAL STANDARD BOOK NUMBER
International Standard Book Number 9780061177514 (trade bdg.)
020 ## - INTERNATIONAL STANDARD BOOK NUMBER
International Standard Book Number 9780061177538 (pbk.)
020 ## - INTERNATIONAL STANDARD BOOK NUMBER
International Standard Book Number 9780545451598
040 ## - CATALOGING SOURCE
Original cataloging agency DLC
Transcribing agency DLC
Modifying agency DLC
Language of cataloging eng
042 ## - AUTHENTICATION CODE
Authentication code lcac
050 ## - LIBRARY OF CONGRESS CALL NUMBER
Classification number PZ7.C179
082 ## - DEWEY DECIMAL CLASSIFICATION NUMBER
Classification number 808.068
100 1# - MAIN ENTRY--PERSONAL NAME
Personal name Capucilli, Alyssa Satin,
Dates associated with a name 1957-
245 10 - TITLE STATEMENT
Title Biscuit and the lost teddy bear /
Statement of responsibility, etc. story by Alyssa Satin Capucilli ; pictures by Pat Schories.
250 ## - EDITION STATEMENT
Edition statement First Scholastic printing January 2012
260 ## - PUBLICATION, DISTRIBUTION, ETC.
Place of publication, distribution, etc. New York :
Name of publisher, distributor, etc. Scholastic,
Date of publication, distribution, etc. 2011.
300 ## - PHYSICAL DESCRIPTION
Extent 29 pages :
Other physical details color illustrations ;
Dimensions 23 cm
490 0# - SERIES STATEMENT
Series statement I can read! My first, shared reading
505 ## - FORMATTED CONTENTS NOTE
Formatted contents note E<br/>
520 ## - SUMMARY, ETC.
Summary, etc. Biscuit helps reunite a lost teddy bear with its owner.
521 8# - TARGET AUDIENCE NOTE
Target audience note 210<br/>
Source Lexile<br/>
521 8# - TARGET AUDIENCE NOTE
Target audience note E
Source Raz-Plus<br/>
650 #1 - SUBJECT ADDED ENTRY--TOPICAL TERM
Topical term or geographic name entry element Lost and found possessions
Form subdivision Fiction.
650 #1 - SUBJECT ADDED ENTRY--TOPICAL TERM
Topical term or geographic name entry element Teddy bears
Form subdivision Fiction.
650 #1 - SUBJECT ADDED ENTRY--TOPICAL TERM
Topical term or geographic name entry element Dogs
Form subdivision Fiction.
700 1# - ADDED ENTRY--PERSONAL NAME
Personal name Schories, Pat,
Relator term illustrator
906 ## - LOCAL DATA ELEMENT F, LDF (RLIN)
a 7
b cbc
c orignew
d 1
e ecip
f 20
g y-gencatlg
942 ## - ADDED ENTRY ELEMENTS (KOHA)
Source of classification or shelving scheme Dewey Decimal Classification
Koha item type Books
Suppress in OPAC No
Holdings
Withdrawn status Lost status Source of classification or shelving scheme Damaged status Not for loan Collection Home library Current library Shelving location Date acquired Total Checkouts Full call number Barcode Date last seen Date last checked out Price effective from Koha item type Copy number
    Dewey Decimal Classification     Juvenile Fiction Footprints International School Library Network Toul Kork Campus Footprints International School Library Network Toul Kork Campus TK Primary Library Room(4th Floor), Bookcase 7, Shelves 57-60, Dark Green Books 09/18/2024 1 CAP 808.068 PZ7.C179 FISTK01065 03/14/2025 12/09/2024 09/18/2024 Books  
    Dewey Decimal Classification     Juvenile Fiction Footprints International School Library Network Toul Kork Campus Footprints International School Library Network Toul Kork Campus TK Primary Library Room(4th Floor), Bookcase 7, Shelves 57-60, Dark Green Books 11/06/2024 1 CAP 808.068 PZ7.C179 FISTK01069 06/10/2025 03/14/2025 11/06/2024 Books 2